| 000 | 00931nam a22003017a 4500 | ||
|---|---|---|---|
| 001 | 5159 | ||
| 003 | FISKH | ||
| 005 | 20241108095226.0 | ||
| 008 | 241108b cb ||||| |||| 00| 0 eng d | ||
| 020 | _a9780545111348 | ||
| 040 |
_aFISKH _beng _cFISKH _dFISKH |
||
| 050 | _aPZ7.P2185 | ||
| 082 | _a563 | ||
| 100 |
_aParish, Herman _d(1953–2024) |
||
| 245 |
_aAmelia bedelia's masterpiece / _cstory by Herman Parish pictures by Lynn Sweat |
||
| 250 | _aFirst printing in 2008 | ||
| 260 |
_aNew York : _bScholastic, _c2008. |
||
| 300 |
_a64 pages : _bColor illustrations ; _c23 cm |
||
| 505 | _aG | ||
| 520 | _aHousekeeper Amelia Bedelia visits an art museum, where her confusion leads to surprising results. | ||
| 521 | 8 |
_a340L
_bLexile |
|
| 521 | 8 |
_aG
_bRaz-Plus |
|
| 650 |
_2Fiction _aHomophones |
||
| 650 |
_2Humor _aEarly reader |
||
| 700 |
_aSweat, Lynn _dIllustrator |
||
| 942 |
_2ddc _cBK _n0 |
||
| 999 |
_c5159 _d5159 |
||